[Event "Tata Steel India Blitz w"]
[Site "Kolkata IND"]
[Date "2022.12.03"]
[Round "5.4"]
[White "Ushenina, Anna"]
[Black "Kulkarni, Bhakti"]
[Result "1/2-1/2"]
[WhiteTitle "GM"]
[BlackTitle "IM"]
[WhiteElo "2454"]
[BlackElo "2319"]
[WhiteFideId "14110911"]
[BlackFideId "5019516"]
[EventDate "2022.12.03"]

1. d4 d5 2. c4 e6 3. Nc3 a6 4. cxd5 exd5 5. Bf4 Nf6 6. e3 Bd6 7. Bg5 c6 8. Bd3
h6 9. Bh4 Be6 10. Nge2 Nbd7 11. h3 Qc7 12. Qc2 Nh5 13. f4 g5 14. fxg5 Ng3 15.
Rg1 hxg5 16. Bxg5 Rg8 17. Bf4 Nxe2 18. Nxe2 Qa5+ 19. Kd1 Qc7 20. Qd2 O-O-O 21.
Bxd6 Qxd6 22. Kc2 c5 23. Raf1 Kb8 24. Kb1 Rc8 25. Bf5 Nb6 26. dxc5 Rxc5 27. Qd4
Rgc8 28. Bxe6 fxe6 29. Qf4 e5 30. Qf6 Qc7 31. Rc1 Nc4 32. Ka1 Nxe3 33. Rxc5 Qxc5
34. Qxe5+ Ka8 35. a3 Nc2+ 36. Kb1 Qc4 37. Rc1 Qd3 38. Ka2 Qc4+ 39. Kb1 Qd3 40.
Ka2 Qc4+ 41. Kb1 Qd3 1/2-1/2

[Event "Tata Steel India Blitz w"]
[Site "Kolkata IND"]
[Date "2022.12.03"]
[Round "5.5"]
[White "Harika, Dronavalli"]
[Black "Dzagnidze, Nana"]
[Result "1/2-1/2"]
[WhiteTitle "GM"]
[BlackTitle "GM"]
[WhiteElo "2507"]
[BlackElo "2517"]
[WhiteFideId "5015197"]
[BlackFideId "13601903"]
[EventDate "2022.12.03"]

1. c4 c5 2. Nf3 Nf6 3. Nc3 Nc6 4. d4 cxd4 5. Nxd4 e6 6. g3 Qb6 7. Nb3 Bb4 8. Bg2
O-O 9. O-O Bxc3 10. bxc3 d5 11. cxd5 exd5 12. Be3 Qc7 13. Rc1 h6 14. Bd4 Nxd4
15. cxd4 Qe7 16. Re1 Bf5 17. Qd2 Rac8 18. Qa5 b6 19. Qa6 Ne4 20. h3 h5 21. h4
Rfe8 22. e3 Red8 23. Qe2 Bg6 24. Qb2 Qb4 25. Rf1 a5 26. Rxc8 Rxc8 27. Rc1 Rxc1+
28. Qxc1 a4 29. Bxe4 Bxe4 30. Nd2 Bf5 31. a3 Qd6 32. Nf3 f6 33. Qb2 Kh7 34. Qc1
Be4 35. Nd2 Bd3 36. Qd1 Qxa3 37. Qxh5+ Kg8 38. Qe8+ Kh7 39. Qh5+ 1/2-1/2

[Event "Tata Steel India Blitz w"]
[Site "Kolkata IND"]
[Date "2022.12.03"]
[Round "6.1"]
[White "Koneru, Humpy"]
[Black "Dzagnidze, Nana"]
[Result "1/2-1/2"]
[WhiteTitle "GM"]
[BlackTitle "GM"]
[WhiteElo "2572"]
[BlackElo "2517"]
[WhiteFideId "5008123"]
[BlackFideId "13601903"]
[EventDate "2022.12.03"]

1. d4 Nf6 2. Nf3 e6 3. c4 d5 4. Nc3 Be7 5. Bg5 h6 6. Bxf6 Bxf6 7. e3 O-O 8. Qd2
Nc6 9. h4 a6 10. O-O-O dxc4 11. Bxc4 b5 12. Bd3 Bb7 13. Be4 Na5 14. Bxb7 Nxb7
15. g4 Be7 16. Kb1 b4 17. Na4 c5 18. dxc5 Nxc5 19. Qxb4 Nxa4 20. Qxa4 Qb6 21.
Ne5 Bf6 22. Nc4 Qb7 23. Rhe1 Rab8 24. Rd2 Rfd8 25. Red1 Rxd2 26. Rxd2 Qh1+ 27.
Qd1 Qxh4 28. a3 Qg5 29. Ka2 Qb5 30. Qc2 Qc6 31. Qd3 Qb5 32. Qc2 Qc6 33. Qd3 Qb5
34. Qc2 1/2-1/2

[Event "Tata Steel India Blitz w"]
[Site "Kolkata IND"]
[Date "2022.12.03"]
[Round "6.2"]
[White "Savitha, Shri B"]
[Black "Vaishali, Rameshbabu"]
[Result "0-1"]
[WhiteTitle "WIM"]
[BlackTitle "IM"]
[WhiteElo "2411"]
[BlackElo "2425"]
[WhiteFideId "35061887"]
[BlackFideId "5091756"]
[EventDate "2022.12.03"]

1. e4 c5 2. Nf3 d6 3. d4 cxd4 4. Qxd4 Nf6 5. Be2 Nc6 6. Qe3 g6 7. h3 Bg7 8. O-O
O-O 9. Rd1 Nd7 10. c4 Qb6 11. Nc3 Qxe3 12. Bxe3 Bxc3 13. bxc3 b6 14. Nd4 Bb7 15.
Bg5 Rfe8 16. Rab1 Nc5 17. f3 f6 18. Be3 Na5 19. Nb5 Rec8 20. h4 Ba6 21. Bd4 Na4
22. Rb4 Nc5 23. Rbb1 Na4 24. Rb4 Bxb5 25. Rxb5 e5 26. Rb4 exd4 27. Rxa4 dxc3 28.
Rc1 Rc5 29. Rxc3 Rac8 30. Kf2 Kf7 31. Raa3 R8c7 32. Rc1 Ke7 33. g4 Nc6 34. Rb3
Nd4 35. Rbc3 Ne6 36. Ke3 h6 37. a4 g5 38. hxg5 hxg5 39. Rh1 Nf4 40. Rh7+ Ke6 41.
Rxc7 Rxc7 42. Bd3 Ke5 43. Ra3 Rc5 44. Bf1 Ne6 45. Rd3 Ra5 46. Rd4 Nxd4 0-1

[Event "Tata Steel India Blitz w"]
[Site "Kolkata IND"]
[Date "2022.12.03"]
[Round "6.3"]
[White "Muzychuk, Anna"]
[Black "Ushenina, Anna"]
[Result "1-0"]
[WhiteTitle "GM"]
[BlackTitle "GM"]
[WhiteElo "2522"]
[BlackElo "2454"]
[WhiteFideId "14111330"]
[BlackFideId "14110911"]
[EventDate "2022.12.03"]

1. e4 e5 2. Nf3 Nf6 3. d4 Nxe4 4. dxe5 d5 5. Nbd2 Qd7 6. Bd3 Nc5 7. Be2 Be7 8.
c3 O-O 9. O-O Ne6 10. Nd4 f6 11. Bg4 f5 12. Bxf5 Rxf5 13. Nxf5 Nc6 14. Nf3 Bf8
15. Re1 Qf7 16. Ne3 Nf4 17. Qa4 Nh3+ 18. Kf1 Nxe5 19. Qd1 c6 20. Qe2 Ng6 21. Nc2
Bd6 22. Qe8+ Qxe8 23. Rxe8+ Kf7 24. Rxc8 Rxc8 25. gxh3 Rf8 26. Be3 c5 27. Rd1
Ne7 28. Ng5+ Kg6 29. Ne6 Rc8 30. Bf4 Rc6 31. Bxd6 Rxd6 32. Nxc5 b6 33. Nd3 Kh5
34. Ne3 Kh4 35. Nf4 Rf6 36. Nfxd5 Nxd5 37. Rxd5 g6 38. Kg2 1-0

[Event "Tata Steel India Blitz w"]
[Site "Kolkata IND"]
[Date "2022.12.03"]
[Round "6.4"]
[White "Kulkarni, Bhakti"]
[Black "Harika, Dronavalli"]
[Result "0-1"]
[WhiteTitle "IM"]
[BlackTitle "GM"]
[WhiteElo "2319"]
[BlackElo "2507"]
[WhiteFideId "5019516"]
[BlackFideId "5015197"]
[EventDate "2022.12.03"]

1. d4 d6 2. Nf3 g6 3. Nc3 Bg7 4. e4 a6 5. a4 Nf6 6. Be2 O-O 7. h3 Nc6 8. O-O e5
9. Be3 Re8 10. d5 Ne7 11. Nd2 Rf8 12. a5 h6 13. Na4 Nh7 14. c4 f5 15. f3 g5 16.
c5 f4 17. Bf2 h5 18. cxd6 cxd6 19. Nb6 Rb8 20. Rc1 Ng6 21. Qb3 Rf7 22. Rc2 Bd7
23. Nxd7 Rxd7 24. Nc4 Bf8 25. Nb6 Rc7 26. Rfc1 Rxc2 27. Qxc2 Nf6 28. Qc7 Qe8 29.
Be1 g4 30. Bb4 gxf3 31. gxf3 Nh4 32. Kh2 Kh8 33. Rg1 Qd8 34. Qf7 Qe7 35. Qxe7
Bxe7 36. Be1 Nh7 37. Bf2 Rg8 38. Rxg8+ Kxg8 39. Nc8 Ng6 40. Nxe7+ Nxe7 41. Bh4
Kf7 42. Kg2 Nf6 43. Kf2 Ng6 44. Bxf6 Kxf6 45. Kg2 Ke7 46. Bd1 Kd8 47. Ba4 Nf8
48. b4 h4 49. Kf2 Kc7 50. Ke2 b6 51. Be8 Kb7 52. Bc6+ Ka7 53. Be8 Nh7 54. Kf2
bxa5 55. bxa5 Nf6 56. Bc6 Kb8 57. Ke2 Kc7 58. Kf2 Nh7 59. Kg2 Nf8 60. Be8 Nh7
61. Kf2 Nf6 62. Bc6 Ng8 63. Kg2 Ne7 64. Be8 Nc8 65. Kf2 Na7 66. Ke2 Kb7 67. Kd3
Nc8 68. Bc6+ Kc7 69. Be8 Na7 70. Kc4 Nc8 71. Kd3 Ne7 72. Ke2 Kb7 73. Kd3 Ng8 74.
Ke2 Nf6 75. Bc6+ Kc7 76. Kf2 Ng8 77. Ke2 Ne7 78. Be8 Kb7 79. Kd3 Ng8 80. Ke2 Ka7
81. Kf2 Nf6 82. Bc6 Kb8 83. Ke2 Nh7 84. Kf2 Ng5 85. Kg2 Nf7 86. Kf2 Nd8 87. Ba4
Nb7 88. Ke2 Nxa5 89. Kd3 Kc7 90. Kc3 Kb6 91. Kb4 Nb7 92. Bc6 a5+ 93. Kc4 Nc5 94.
Kc3 Na6 95. Be8 Kc5 96. Bd7 Nc7 97. Be8 Nb5+ 0-1

[Event "Tata Steel India Blitz w"]
[Site "Kolkata IND"]
[Date "2022.12.03"]
[Round "6.5"]
[White "Muzychuk, Mariya"]
[Black "Kiolbasa, Oliwia"]
[Result "1-0"]
[WhiteTitle "GM"]
[BlackTitle "IM"]
[WhiteElo "2523"]
[BlackElo "2410"]
[WhiteFideId "14114550"]
[BlackFideId "1154613"]
[EventDate "2022.12.03"]

1. e4 e5 2. Nf3 Nc6 3. Bc4 Nf6 4. d3 Be7 5. O-O O-O 6. a4 d5 7. exd5 Nxd5 8. Re1
Bg4 9. h3 Bh5 10. g4 Bg6 11. Nxe5 Nxe5 12. Rxe5 Nb6 13. Bb3 Bd6 14. Re1 Qh4 15.
Qf3 Nd7 16. Nc3 Rae8 17. Ne4 Nc5 18. Bg5 Bxe4 19. Qe3 Bf4 20. Qxf4 Qxh3 21. dxe4
h6 22. Re3 hxg5 23. Qxf7+ Rxf7 24. Bxf7+ Kxf7 25. Rxh3 Rxe4 26. Rc3 Rxg4+ 27.
Kf1 Ne6 28. b3 Rh4 29. Ke2 Nf4+ 30. Kd2 c6 31. Re1 Rh2 32. Rf3 Kf6 33. Re8 Kf5
34. Rf8+ Kg4 35. Rg3+ Kh4 36. Rh8+ Nh5 37. Ke2 g4 38. Re3 g6 39. Re7 Kg5 40. Ke3
Rh1 41. Rxb7 Re1+ 42. Kd2 Rf1 43. Ke2 Rc1 44. Kd3 Nf4+ 45. Kc3 Rf1 46. Rh2 Nd5+
47. Kd2 Nf6 48. Rxa7 Ne4+ 49. Ke2 Rc1 50. Kd3 Nc5+ 51. Kd4 Ne6+ 52. Kc3 Nf4 53.
a5 Re1 54. a6 Nd5+ 55. Kd2 Ra1 56. Rhh7 Nb4 57. Ra8 Rxa6 58. Rxa6 Nxa6 59. Ke3
Nb4 60. c4 Nc2+ 61. Kd3 Ne1+ 62. Ke2 Nf3 63. Ke3 Ne5 64. Rc7 Kf5 65. Rc8 g5 66.
Rf8+ Ke6 67. Ke4 Nf3 68. b4 Kd6 69. c5+ Ke6 70. Rc8 Kd7 71. Rg8 Nd2+ 72. Kf5 Nc4
73. Rg7+ Kd8 74. Kxg4 Na3 75. Kxg5 Nc2 76. Rb7 Kc8 77. Rb6 Kc7 78. f4 Ne3 79. f5
Nd5 80. f6 1-0

[Event "Tata Steel India Blitz w"]
[Site "Kolkata IND"]
[Date "2022.12.03"]
[Round "7.1"]
[White "Harika, Dronavalli"]
[Black "Muzychuk, Anna"]
[Result "0-1"]
[WhiteTitle "GM"]
[BlackTitle "GM"]
[WhiteElo "2507"]
[BlackElo "2522"]
[WhiteFideId "5015197"]
[BlackFideId "14111330"]
[EventDate "2022.12.03"]

1. c4 e5 2. Nc3 d6 3. Nf3 f5 4. g3 Nf6 5. d4 e4 6. Nh4 g6 7. Bg2 Bg7 8. Bg5 c6
9. f3 exf3 10. Bxf3 O-O 11. Qd2 Qb6 12. O-O-O Be6 13. d5 Bf7 14. Bh6 Nbd7 15.
Bxg7 Kxg7 16. e4 fxe4 17. Nxe4 cxd5 18. Nxf6 Nxf6 19. Bxd5 Rac8 20. Kb1 Bxd5 21.
cxd5 Rc4 22. Qd3 Rfc8 23. Rhe1 Rc2 24. Qd4 Rc1+ 25. Rxc1 Rxc1+ 0-1

[Event "Tata Steel India Blitz w"]
[Site "Kolkata IND"]
[Date "2022.12.03"]
[Round "7.2"]
[White "Dzagnidze, Nana"]
[Black "Kulkarni, Bhakti"]
[Result "1/2-1/2"]
[WhiteTitle "GM"]
[BlackTitle "IM"]
[WhiteElo "2517"]
[BlackElo "2319"]
[WhiteFideId "13601903"]
[BlackFideId "5019516"]
[EventDate "2022.12.03"]

1. d4 d5 2. c4 e6 3. Nf3 a6 4. Nbd2 Nf6 5. g3 c5 6. Bg2 Nc6 7. dxc5 Bxc5 8. O-O
O-O 9. b3 dxc4 10. Nxc4 Qxd1 11. Rxd1 Ng4 12. e3 b5 13. Nd4 bxc4 14. Nxc6 Bb7
15. bxc4 Kh8 16. Rb1 Bxc6 17. Bxc6 Ra7 18. Bb2 Rc8 19. Bf3 Nf6 20. Bc3 h6 21.
Kg2 Be7 22. Bd4 Rac7 23. Bb7 Rd8 24. Bxa6 Ra8 25. Bb6 Rd7 26. Bb5 Rxd1 27. Rxd1
Rxa2 28. Rc1 Ne4 29. c5 Rxf2+ 30. Kg1 Rb2 31. Bd3 Nd2 32. Be2 Nb3 33. Re1 Rc2
34. Bd1 Rc1 35. Kf2 Bxc5 36. Bxb3 Rxe1 37. Bxc5 Rb1 38. Ba4 Rc1 39. Bd4 f6 40.
Bd7 e5 41. Bb6 Rb1 42. Bc5 Rc1 43. Bb4 Rc2+ 44. Kg1 Re2 45. Bc5 Rc2 46. Bb6 Rb2
47. Bc5 Rc2 48. Bb6 Rb2 49. Bc5 Rc2 1/2-1/2

[Event "Tata Steel India Blitz w"]
[Site "Kolkata IND"]
[Date "2022.12.03"]
[Round "7.3"]
[White "Kiolbasa, Oliwia"]
[Black "Savitha, Shri B"]
[Result "0-1"]
[WhiteTitle "IM"]
[BlackTitle "WIM"]
[WhiteElo "2410"]
[BlackElo "2411"]
[WhiteFideId "1154613"]
[BlackFideId "35061887"]
[EventDate "2022.12.03"]

1. e4 c5 2. Nf3 e6 3. d4 cxd4 4. Nxd4 Nc6 5. Nc3 a6 6. Be3 Qc7 7. a3 Nf6 8. f4
d5 9. e5 Ne4 10. Nxe4 dxe4 11. Qg4 Nxd4 12. Bxd4 Qxc2 13. Rd1 Bd7 14. Be2 Bc6
15. Rd2 Qa4 16. O-O O-O-O 17. Rfd1 Rxd4 18. Rxd4 Bc5 19. b4 Rd8 20. bxc5 Rxd4
21. Rf1 Qxa3 22. Qxg7 Qxc5 23. Kh1 Rd7 24. Qxh7 Qe3 25. Qh5 Rd2 26. Bg4 Qd3 27.
Rg1 e3 28. Bf3 e2 29. Bxc6 bxc6 30. Qxf7 Rd1 31. Qf8+ Qd8 32. Qb4 Rxg1+ 33. Kxg1
Qd1+ 0-1

[Event "Tata Steel India Blitz w"]
[Site "Kolkata IND"]
[Date "2022.12.03"]
[Round "7.4"]
[White "Ushenina, Anna"]
[Black "Muzychuk, Mariya"]
[Result "0-1"]
[WhiteTitle "GM"]
[BlackTitle "GM"]
[WhiteElo "2454"]
[BlackElo "2523"]
[WhiteFideId "14110911"]
[BlackFideId "14114550"]
[EventDate "2022.12.03"]

1. d4 d5 2. c4 c6 3. Nf3 Nf6 4. Nc3 e6 5. e3 Nbd7 6. Qc2 Bd6 7. Bd3 O-O 8. O-O
e5 9. cxd5 cxd5 10. e4 exd4 11. Nxd5 Nxd5 12. exd5 h6 13. Nxd4 Qh4 14. Nf3 Qh5
15. Bh7+ Kh8 16. Qf5 Qxf5 17. Bxf5 Nf6 18. Bxc8 Rfxc8 19. Be3 Nxd5 20. Rfd1 Nxe3
21. Rxd6 Nc4 22. Rd7 Nxb2 23. Rxb7 Nd3 24. Rxf7 Rc2 25. h3 a5 26. a4 Nc5 27. Nd4
Rc4 28. Nf5 Rxa4 29. Rc1 Ne6 30. Rc6 Re4 31. Re7 Nd4 32. Rc4 Nxf5 33. Rexe4 Nd6
34. Ra4 Nxe4 35. Rxe4 a4 36. Re2 a3 37. Ra2 g5 38. Kf1 Kg7 39. Ke2 Kf6 40. Kd3
Ke5 41. Kc4 Ke4 42. Re2+ Kf4 43. Ra2 h5 44. Kb4 Ke4 45. Rxa3 Rxa3 46. Kxa3 Kd3
47. Kb3 Ke2 48. g4 hxg4 49. hxg4 Kxf2 50. Kc3 Kf3 51. Kd3 Kxg4 52. Ke2 Kg3 53.
Kf1 Kh2 54. Kf2 g4 0-1

[Event "Tata Steel India Blitz w"]
[Site "Kolkata IND"]
[Date "2022.12.03"]
[Round "7.5"]
[White "Vaishali, Rameshbabu"]
[Black "Koneru, Humpy"]
[Result "1-0"]
[WhiteTitle "IM"]
[BlackTitle "GM"]
[WhiteElo "2425"]
[BlackElo "2572"]
[WhiteFideId "5091756"]
[BlackFideId "5008123"]
[EventDate "2022.12.03"]

1. d4 Nf6 2. Nf3 d5 3. Bf4 c5 4. e3 Nc6 5. Nbd2 Bg4 6. h3 Bxf3 7. Nxf3 e6 8. c3
cxd4 9. exd4 Bd6 10. Bxd6 Qxd6 11. Bd3 O-O 12. O-O e5 13. dxe5 Nxe5 14. Nxe5
Qxe5 15. Qb3 Qc7 16. Be2 Rad8 17. Rad1 Rd6 18. Bf3 Qb6 19. Rd4 Qxb3 20. axb3
Rfd8 21. b4 Kf8 22. Ra1 a6 23. g3 Ke7 24. Ra5 g5 25. h4 h6 26. Kg2 Ke6 27. Ra1
Ke7 28. Re1+ Re6 29. Red1 Red6 30. Rh1 Rb6 31. Ra1 Rb5 32. hxg5 hxg5 33. Re1+
Kf8 34. Re5 a5 35. bxa5 Rxb2 36. Rf5 Ke7 37. Re5+ Kf8 38. Rxg5 Rc8 39. Rf4 Nd7
40. Bxd5 f6 41. Rg8+ 1-0

[Event "Tata Steel India Blitz w"]
[Site "Kolkata IND"]
[Date "2022.12.03"]
[Round "8.1"]
[White "Savitha, Shri B"]
[Black "Ushenina, Anna"]
[Result "0-1"]
[WhiteTitle "WIM"]
[BlackTitle "GM"]
[WhiteElo "2411"]
[BlackElo "2454"]
[WhiteFideId "35061887"]
[BlackFideId "14110911"]
[EventDate "2022.12.03"]

1. e4 c5 2. Nf3 e6 3. d4 cxd4 4. Nxd4 a6 5. Bd3 Bc5 6. Nb3 Ba7 7. Qg4 Nf6 8. Qg3
d6 9. c4 Nc6 10. Nc3 Ne5 11. Be2 O-O 12. Bf4 Qc7 13. Bxe5 dxe5 14. O-O Bd7 15.
h4 Bc6 16. Bf3 Rfd8 17. h5 h6 18. Rfd1 b5 19. cxb5 axb5 20. Rac1 Rxd1+ 21. Nxd1
Qd6 22. Nc3 b4 23. Rd1 Qc7 24. Ne2 Nxe4 25. Bxe4 Bxe4 26. Qh4 Qc2 27. Rd2 Qb1+
28. Kh2 Bd5 29. Nbc1 e4 30. Kh1 Rc8 31. Rd1 Qxb2 32. Qe7 Bb8 33. Qd7 Rf8 34. Rf1
Qe5 35. Ng3 Qg5 36. Nce2 e3 37. f4 Qh4+ 38. Kg1 Qg4 39. Qb5 Bd6 40. Qb6 Be7 41.
Qxe3 Rc8 42. Rc1 Rxc1+ 43. Qxc1 Bxa2 44. Qc8+ Bf8 45. Qc2 Bd5 46. Qb2 b3 47. Kh2
Qh4+ 48. Kg1 Qg4 49. Kh2 Bd6 50. Qd4 Qh4+ 51. Kg1 Qf6 52. Qb6 Bf8 53. Kh2 Qa1
54. f5 Qe5 55. fxe6 Qxe6 56. Qb8 Qd6 57. Qb5 Qc5 58. Qb8 Qd6 59. Qb5 Qc6 60. Qb8
Bxg2 61. Qxb3 Bd5 62. Qe3 Qe6 63. Qa7 Bd6 64. Qa6 Bxg3+ 65. Nxg3 Qxa6 0-1

[Event "Tata Steel India Blitz w"]
[Site "Kolkata IND"]
[Date "2022.12.03"]
[Round "8.2"]
[White "Muzychuk, Anna"]
[Black "Dzagnidze, Nana"]
[Result "1/2-1/2"]
[WhiteTitle "GM"]
[BlackTitle "GM"]
[WhiteElo "2522"]
[BlackElo "2517"]
[WhiteFideId "14111330"]
[BlackFideId "13601903"]
[EventDate "2022.12.03"]

1. e4 c5 2. Nf3 d6 3. d4 cxd4 4. Nxd4 Nf6 5. Nc3 a6 6. a3 e5 7. Nf5 d5 8. Bg5
Bxf5 9. Bxf6 gxf6 10. exf5 d4 11. Ne4 Be7 12. Qh5 Qc7 13. Bd3 Nd7 14. O-O Nb6
15. f4 exf4 16. c4 Nd7 17. Qh6 O-O-O 18. Qxf4 Rhg8 19. Rad1 h5 20. Qxc7+ Kxc7
21. b4 b6 22. Be2 Ne5 23. Bxh5 Rg7 24. Bf3 a5 25. c5 axb4 26. axb4 bxc5 27. bxc5
d3 28. Ra1 Nxf3+ 29. Rxf3 Kc6 30. Rd1 Bxc5+ 31. Nxc5 Kxc5 32. Rfxd3 Rxd3 33.
Rxd3 Rg5 34. Rd7 Rxf5 35. Rxf7 Kd6 36. h4 Ke6 37. Rg7 Ra5 38. Kh2 Ra3 39. g3 f5
40. h5 Kf6 41. Rg6+ Kf7 42. Kh3 Ra4 43. Rb6 Kg7 44. Rb5 Kf6 45. Rc5 Rb4 46. Rc6+
Kg5 47. h6 Rb7 48. Kg2 Rh7 49. Kf3 Rxh6 50. Rxh6 1/2-1/2

[Event "Tata Steel India Blitz w"]
[Site "Kolkata IND"]
[Date "2022.12.03"]
[Round "8.3"]
[White "Vaishali, Rameshbabu"]
[Black "Kiolbasa, Oliwia"]
[Result "1-0"]
[WhiteTitle "IM"]
[BlackTitle "IM"]
[WhiteElo "2425"]
[BlackElo "2410"]
[WhiteFideId "5091756"]
[BlackFideId "1154613"]
[EventDate "2022.12.03"]

1. d4 d5 2. Nf3 e6 3. Bf4 c5 4. e3 cxd4 5. exd4 Nc6 6. Bd3 Bd6 7. Bxd6 Qxd6 8.
O-O Nge7 9. Nbd2 f6 10. c4 O-O 11. Re1 Bd7 12. Rc1 Rae8 13. a3 Nf5 14. Nb3 Kh8
15. cxd5 Qxd5 16. Nc5 Bc8 17. Be4 Qd6 18. b4 Nfxd4 19. Bxc6 Nxf3+ 20. Bxf3 Qb8
21. Qb3 b6 22. Ne4 Qf4 23. g3 Qh6 24. Nd6 Rd8 25. Nxc8 Rxc8 26. Rxc8 Rxc8 27.
Qxe6 1-0

[Event "Tata Steel India Blitz w"]
[Site "Kolkata IND"]
[Date "2022.12.03"]
[Round "8.4"]
[White "Koneru, Humpy"]
[Black "Kulkarni, Bhakti"]
[Result "1/2-1/2"]
[WhiteTitle "GM"]
[BlackTitle "IM"]
[WhiteElo "2572"]
[BlackElo "2319"]
[WhiteFideId "5008123"]
[BlackFideId "5019516"]
[EventDate "2022.12.03"]

1. d4 Nf6 2. c4 g6 3. Nc3 Bg7 4. e4 d6 5. h3 O-O 6. Be3 c5 7. Nf3 Qa5 8. Qd2
cxd4 9. Nxd4 Nc6 10. Nb3 Qb4 11. Be2 Be6 12. Nd5 Qxd2+ 13. Nxd2 Rfc8 14. O-O Nd7
15. Nf3 Nde5 16. Nxe5 Bxe5 17. Rfd1 Rab8 18. Rd2 Kf8 19. Rad1 b6 20. f4 Bg7 21.
g4 Na5 22. b3 f5 23. exf5 gxf5 24. gxf5 Bxf5 25. Bg4 e6 26. Bxf5 exf5 27. Bd4
Bxd4+ 28. Rxd4 Nb7 29. Kf2 Re8 30. Nc7 Re7 31. Nb5 Rbe8 32. R1d2 Re3 33. h4 Rh3
34. Kg2 Rxh4 35. Nxd6 Nxd6 36. Rxd6 Rxf4 37. Rd7 Re7 38. Rd8+ Kf7 39. Kg3 Rg4+
40. Kf3 h5 41. R2d5 Rg5 42. R8d6 Re6 43. Rd7+ Re7 44. R7d6 Re6 45. Rd7+ Re7 46.
b4 h4 47. R7d6 Rh5 48. c5 bxc5 49. bxc5 h3 50. Rd1 h2 51. Rh1 Rc7 52. c6 Ke7 53.
Rg6 Rh3+ 54. Kf4 Rc3 55. Rxh2 R7xc6 56. Rh7+ Kf8 57. Rxc6 Rxc6 58. Rxa7 Rc5 59.
a4 Ke8 60. a5 Kd8 61. a6 Ra5 62. Ra8+ Kc7 63. a7 Kb7 64. Rf8 Rxa7 65. Rxf5 Ra4+ 1/2-1/2

[Event "Tata Steel India Blitz w"]
[Site "Kolkata IND"]
[Date "2022.12.03"]
[Round "8.5"]
[White "Muzychuk, Mariya"]
[Black "Harika, Dronavalli"]
[Result "1-0"]
[WhiteTitle "GM"]
[BlackTitle "GM"]
[WhiteElo "2523"]
[BlackElo "2507"]
[WhiteFideId "14114550"]
[BlackFideId "5015197"]
[EventDate "2022.12.03"]

1. e4 c5 2. c3 d5 3. exd5 Qxd5 4. d4 Nc6 5. Nf3 cxd4 6. cxd4 e5 7. Nc3 Bb4 8.
Bd2 Bxc3 9. Bxc3 e4 10. Ne5 Nxe5 11. dxe5 Ne7 12. Be2 Be6 13. O-O O-O 14. a4
Rfd8 15. Qc2 Bf5 16. Rfd1 Qe6 17. Qc1 Ng6 18. Qg5 Rxd1+ 19. Rxd1 h6 20. Qg3 a6
21. h4 Re8 22. Rd6 Qe7 23. Bc4 Nxe5 24. Rd5 e3 25. Rxe5 exf2+ 26. Kxf2 Be6 27.
Bxe6 fxe6 28. Kg1 Qf7 29. Kh2 Re7 30. a5 Rd7 31. Re4 Kh7 32. Rg4 Qf8 33. Qe5 Re7
34. Qe4+ Qf5 35. h5 Rf7 36. Qxf5+ exf5 37. Rc4 f4 38. Kh3 g6 39. hxg6+ Kxg6 40.
Kg4 h5+ 41. Kf3 Rf5 42. Rxf4 Rd5 43. Rf6+ Kg5 44. Rf7 Rb5 45. Re7 Kg6 46. Re6+
Kg5 47. Re5+ 1-0

[Event "Tata Steel India Blitz w"]
[Site "Kolkata IND"]
[Date "2022.12.03"]
[Round "9.1"]
[White "Harika, Dronavalli"]
[Black "Savitha, Shri B"]
[Result "1-0"]
[WhiteTitle "GM"]
[BlackTitle "WIM"]
[WhiteElo "2507"]
[BlackElo "2411"]
[WhiteFideId "5015197"]
[BlackFideId "35061887"]
[EventDate "2022.12.03"]

1. Nf3 Nf6 2. b3 g6 3. Bb2 Bg7 4. g3 d6 5. d4 O-O 6. Bg2 Nbd7 7. O-O Rb8 8. a4
b6 9. Re1 Bb7 10. Nbd2 Ne4 11. Nxe4 Bxe4 12. Bh3 c5 13. Ra2 Qc7 14. c4 Rbd8 15.
d5 Bxf3 16. exf3 Nf6 17. f4 a6 18. Ba1 b5 19. axb5 axb5 20. cxb5 Qb7 21. Bxf6
Bxf6 22. Bf1 Ra8 23. Ra6 Bd4 24. Bc4 Qd7 25. Kg2 Rfb8 26. Qf3 Ra7 27. h4 Rab7
28. h5 Qf5 29. Bd3 Qf6 30. Re2 Kg7 31. Qg4 Rc7 32. Bc4 Rcb7 33. Bd3 Kg8 34. h6
Rc7 35. Rea2 e5 36. fxe5 Bxe5 37. Bc4 Re7 38. Ra8 Ree8 39. Rxb8 Rxb8 40. Ra7 Bd4
41. Qf3 Qxf3+ 42. Kxf3 Bc3 43. Rd7 Be5 44. Kg2 Kf8 45. f4 Ke8 46. Rc7 Bf6 47.
Kf3 Be7 48. Ra7 Bf8 49. Ra1 Bxh6 50. Rh1 Bf8 51. Rxh7 Ke7 52. Rh1 Kd7 53. Ra1
Be7 54. Ra7+ Kd8 55. g4 Ke8 56. Ke4 Kd8 57. f5 g5 58. f6 Bxf6 59. Rxf7 Be7 60.
Kf5 Kd7 61. Kg6 Rb6 62. Bd3 Kd8 63. Rh7 Rb7 64. Rh8+ Kc7 65. Rh7 Kb6 66. Kf5 Bd8
67. Rh8 Be7 68. Ke6 Ka5 69. Rh7 Kb4 70. Rxe7 Rb6 71. Bc4 1-0

[Event "Tata Steel India Blitz w"]
[Site "Kolkata IND"]
[Date "2022.12.03"]
[Round "9.2"]
[White "Dzagnidze, Nana"]
[Black "Muzychuk, Mariya"]
[Result "0-1"]
[WhiteTitle "GM"]
[BlackTitle "GM"]
[WhiteElo "2517"]
[BlackElo "2523"]
[WhiteFideId "13601903"]
[BlackFideId "14114550"]
[EventDate "2022.12.03"]

1. d4 d5 2. c4 c6 3. cxd5 cxd5 4. Nc3 Nf6 5. Bf4 Nc6 6. e3 Bg4 7. Qb3 Na5 8.
Qa4+ Bd7 9. Qc2 e6 10. Bd3 Be7 11. h3 Ne4 12. Nf3 f5 13. Ne5 O-O 14. O-O Rc8 15.
Rfc1 Nc6 16. Nxd7 Qxd7 17. Qd1 Bd6 18. Bxd6 Qxd6 19. Ne2 Nb4 20. a3 Nxd3 21.
Qxd3 Qb6 22. Rc2 Rc6 23. Rxc6 bxc6 24. Rc1 Rc8 25. b4 a5 26. b5 c5 27. dxc5 Nxc5
28. Qd4 Qxb5 29. Nf4 Rc6 30. Nh5 Rc7 31. Nf4 Nb3 32. Rxc7 Nxd4 0-1

[Event "Tata Steel India Blitz w"]
[Site "Kolkata IND"]
[Date "2022.12.03"]
[Round "9.3"]
[White "Ushenina, Anna"]
[Black "Vaishali, Rameshbabu"]
[Result "0-1"]
[WhiteTitle "GM"]
[BlackTitle "IM"]
[WhiteElo "2454"]
[BlackElo "2425"]
[WhiteFideId "14110911"]
[BlackFideId "5091756"]
[EventDate "2022.12.03"]

1. d4 Nf6 2. c4 e6 3. Nf3 d5 4. Nc3 a6 5. cxd5 exd5 6. Qb3 c6 7. e4 dxe4 8. Ng5
Nd5 9. Ngxe4 Nxc3 10. Qxc3 Qe7 11. Qe3 Be6 12. Nc5 Bc8 13. Bc4 Qxe3+ 14. Bxe3
Nd7 15. O-O-O Be7 16. Rhe1 O-O 17. h3 Bf6 18. g4 h6 19. f4 Bh4 20. Re2 b5 21.
Bb3 Nxc5 22. dxc5 Re8 23. Rd6 h5 24. f5 hxg4 25. hxg4 Ra7 26. Bd1 Rae7 27. Rxc6
Rxe3 28. Rxe3 Bg5 29. Kc2 Bxe3 30. Bf3 Bb7 31. Re6 fxe6 32. Bxb7 Bxc5 33. fxe6
Kf8 34. Bd5 Ke7 35. Kd3 Rd8 36. Ke4 Rh8 0-1

[Event "Tata Steel India Blitz w"]
[Site "Kolkata IND"]
[Date "2022.12.03"]
[Round "9.4"]
[White "Kulkarni, Bhakti"]
[Black "Muzychuk, Anna"]
[Result "1-0"]
[WhiteTitle "IM"]
[BlackTitle "GM"]
[WhiteElo "2319"]
[BlackElo "2522"]
[WhiteFideId "5019516"]
[BlackFideId "14111330"]
[EventDate "2022.12.03"]

1. d4 Nf6 2. Nf3 g6 3. Nc3 d5 4. Bf4 Bg7 5. Nb5 Na6 6. e3 c6 7. Nc3 Nc7 8. h3
O-O 9. Bd3 b6 10. O-O c5 11. a4 c4 12. Be2 a6 13. b3 cxb3 14. cxb3 Bf5 15. Rc1
Nce8 16. Ne5 Nd6 17. Bg5 Nde4 18. Nxe4 dxe4 19. Bc4 h6 20. Bh4 g5 21. Bg3 e6 22.
Qe2 a5 23. Nc6 Qd7 24. Bb5 Qb7 25. Bd6 Rfe8 26. Rc2 Kh7 27. Ne5 Nd5 28. Bc6 Qa7
29. Bxe8 Rxe8 30. g4 Bxe5 31. Bxe5 Bg6 32. Rfc1 Qe7 33. Qb5 h5 34. Kg2 Rd8 35.
Rc8 f6 36. R8c7 fxe5 37. Rxe7+ Nxe7 38. Rc7 1-0